000
00306nam a22001337a 4500
008
210302b ||||| |||| 00| 0 eng d
020
_a
0801610710
041
_a
eng
080
_2
6th
_a
617
100
_a
8
101
_a
ORT
245
_a
Campbell's Operative Orthopaedics
_c
Edmonson,S.A
942
_2
udc
_c
BK
999
_c
55470
_d
55470